000 00255nam a2200109Ia 4500
008 190216s9999||||xx |||||||||||||| ||und||
100 _aNimila Guptha
245 0 _aHindi-Kavya Lahari
260 _bBharathy Sahithya Mandir
650 _aHindi
942 _cBK
999 _c15518
_d15518